ISO 3166-1 - Statistics

General Stats
  • This quiz has been taken 10 times
    6 since last reset
  • The average score is 17 of 56
Answer Stats
Answer % Correct
バチカン市国
75%
パレスチナ
75%
香港
75%
クック諸島
50%
台湾地区
50%
ニウエ
50%
西サハラ
50%
アメリカ領ヴァージン諸島
25%
アメリカ領サモア
25%
アルバ
25%
アンギラ
25%
イギリス領インド洋地域
25%
イギリス領ヴァージン諸島
25%
ウォリス・フツナ
25%
オーランド諸島
25%
ガーンジー
25%
合衆国領有小離島
25%
北マリアナ諸島
25%
キュラソー
25%
グアドループ
25%
グアム
25%
グリーンランド
25%
クリスマス島
25%
ケイマン諸島
25%
ココス(キーリング)諸島
25%
サウスジョージア・サウスサンドウィッチ諸島
25%
サン・バルテルミー
25%
サンピエール島・ミクロン島
25%
サン・マルタン(フランス領)
25%
ジブラルタル
25%
ジャージー
25%
シント・マールテン(オランダ領)
25%
スヴァールバル諸島およびヤンマイエン島
25%
セントヘレナ・アセンションおよびトリスタンダクーニャ
25%
タークス・カイコス諸島
25%
トケラウ
25%
南極
25%
ニューカレドニア
25%
ノーフォーク島
25%
ハード島とマクドナルド諸島
25%
バミューダ
25%
ピトケアン
25%
ブーベ島
25%
プエルトリコ
25%
フェロー諸島
25%
フォークランド(マルビナス)諸島
25%
フランス領ギアナ
25%
フランス領ポリネシア
25%
フランス領南方・南極地域
25%
ボネール、シント・ユースタティウスおよびサバ
25%
マカオ
25%
マヨット
25%
マルティニーク
25%
マン島
25%
モントセラト
25%
レユニオン
25%
No matching quizzes found
Score Distribution
Percent of People with Each Score
Percentile by Number Answered
Your Score History
You have not taken this quiz since the last reset